000 00379nam a2200169Ia 4500
001 6709
003 IN-NITTTR
005 20251114233021.0
008 251113s9999||||xx |||||||||||||| ||eng||
040 _beng
040 _cIN-NITTTR
041 _aeng
082 _a621.165 C473S
100 _aChurch, Edwin F.
245 0 _aSteam turbines /
_cChurch, Edwin F.
942 _2ddc
_cBK
999 _c9347
_d9347